000 00777nam a2200253Ia 4500
003 OSt
005 20221006143622.0
006 a|||||r|||| 00| 0
007 ta
008 221006b |||||||| |||| 00| 0 eng d
020 _c
_27.50
024 _a9,464
037 _cTextual
040 _aEASL
_cEASL
_beng
041 _2eng
_aeng
082 _aX:5.730j41.N7, L4
100 _aWHITSON William W Ed.
_9116633
245 0 _aDoing business with China
_b American trade opportunities in the 1970s
260 _aNew York
_bPraeger Pub
_c1974
300 _a593p.
_ccm.
490 _v CEL
_aPraeger special studies in international economics and development
942 _hX:5.730j41.N7, L4
_cTEXL
_2CC
999 _c1077550
_d1077550